SUBTLE ART OF NOT GIVING A F CK A COUNTE (Record no. 30939)

MARC details
000 -LEADER
fixed length control field 00357nam a2200145Ia 4500
008 - FIXED-LENGTH DATA ELEMENTS--GENERAL INFORMATION
fixed length control field 240624s9999 xx 000 0 und d
041 ## - LANGUAGE CODE
Language code of text/sound track or separate title eng
082 ## - DEWEY DECIMAL CLASSIFICATION NUMBER
Classification number 158.1 MAN
100 ## - MAIN ENTRY--PERSONAL NAME
Personal name MANSON MARK
245 ## - TITLE STATEMENT
Title SUBTLE ART OF NOT GIVING A F CK A COUNTE
250 ## - EDITION STATEMENT
Edition statement (2nd ed.)
260 ## - PUBLICATION, DISTRIBUTION, ETC.
Date of publication, distribution, etc. 2016
Place of publication, distribution, etc. New York
Name of publisher, distributor, etc. Harper Collins
300 ## - PHYSICAL DESCRIPTION
Extent 224 p.
365 ## - TRADE PRICE
Currency code
Price amount 30
Holdings
Withdrawn status Lost status Damaged status Not for loan Home library Current library Shelving location Date acquired Cost, normal purchase price Total Checkouts Total Renewals Full call number Barcode Date due Date last seen Date last checked out Copy number Price effective from Koha item type
        IMTN IMTN Rack 1-B 08/21/2018 24.99 13 3 158.1 MAN 30939 01/26/2026 01/16/2026 01/16/2026 72.1 06/24/2024 Books
Designed & Maintained by: LRC IMT Nagpur Contact: lrc@imtnag.ac.in© 2024. All Rights Reserved.